00695nam a2200193 i 450000100060000000300090000600500170001500700030003200800410003510000230007624500970009925000150019626000390021130000460025070000340029685200320033099900170036295201220037989127ES-MaACL20230906180101.0t|050105s1968 sp ||||1| spa d1 aLange, Max.97002210aTratado de cirugía ortopédica / cpor Max Lange ; [traducción, Elías Valverde Llor]. a[1ª ed.]. aBarcelona, etc. : bLabor, c1968. aXXIV, 993 p., 4 lám. : bil. ; c28 cm.1 aValverde Llor, Elias.9113018 aES-MaACLjC-34315 bR.65079 c89127d89127 00104070aATENEOMbATENEOMcDEPO2d2008-01-17eSCl0oC-34315p1093085r2023-02-23 00:00:00w2023-02-23yMONOGRAFIA